[Event "Dortmund Sparkassen op-B"]
[Site "Dortmund"]
[Date "2008.07.03"]
[Round "5"]
[White "Luenstedt, Dietrich"]
[Black "Holtel, Jasper"]
[Result "0-1"]
[WhiteElo "1700"]
[BlackElo "1267"]
[PlyCount "82"]
[EventDate "2008.06.30"]
[EventType "swiss"]
[EventRounds "9"]
[EventCountry "GER"]
[SourceTitle "EXT 2022"]
[Source "ChessBase"]
[SourceDate "2021.10.06"]
[SourceVersion "1"]
[SourceVersionDate "2021.10.06"]
[SourceQuality "1"]

1. d4 Nf6 2. Nf3 e6 3. e3 d5 4. Bd3 Bd6 5. Nbd2 Nbd7 6. 0-0 0-0 7. c3 c5 8. Re1 cxd4 9. exd4 Qc7 10. h3 a6 11. Nf1 b5 12. Bg5 Bb7 13. Bxf6 Nxf6 14. Ne5 Bxe5 15. Rxe5 Rac8 16. Ng3 g6 17. h4 Kg7 18. h5 Qb6 19. f4 b4 20. Rc1 bxc3 21. bxc3 Rxc3 22. Ne2 Rxc1 23. Qxc1 Nxh5 24. Qc5 Qxc5 25. dxc5 Rc8 26. g4 Nf6 27. g5 Nd7 28. Re3 Nxc5 29. Nd4 Nxd3 30. Rxd3 Rc4 31. Nb3 Rxf4 32. Na5 Bc8 33. Rc3 Bd7 34. Rc7 Bb5 35. Nb7 Bc4 36. a4 Bb3 37. Nd8 d4 38. a5 e5 39. Rc6 d3 40. Rxa6 d2 41. Rd6 d1Q+ 0-1